000 01018nas a2200349 4500
001 BR9508934
003 BR-BrBNA
005 20231205095518.0
007 ta
008 230509b bl.|||p| |||| 00| 00por d
040 _aBR-BrBNA
_bpor
_cBiblioteca Nacional de Agricultura
041 _a(Pt)
072 _aH20
100 1 _aBettiol, W.
100 1 _aMoraes, G.J. de
100 1 _aSteulla Junior, C.S.
100 1 _aNicolino, C.
100 1 _aGalvao, J.A.H.
245 1 _aControle de verrugose, melanose e leprose em laranja pera, com fungicidas e acaricida em mistura com adubo foliar
650 _aLaranja
650 _aVerrugose
650 _aMelanose
650 _aLeprose
650 _aFungicida
650 _aAcaricida
650 _aAdubo Verde
650 _aControle Integrado
650 _aControle Quimico
773 0 _tScientia Agricola (Brazil)
_xISSN 0103-9016
_g(Sep-Dec 1994), v. 51(3) p. 494-499
_wBR9508934
909 _a202311
_bLúcia
_c55
_dLúcia Elande
942 _2AGRIS
_n0
_cANA
999 _c151130
_d151130